[Event "Kup SS CS 2014"]
[Site "?"]
[Date "2014.05.04"]
[Round "8.8"]
[White "Blagojevic, Nebojsa"]
[Black "Popovic, Djordje D"]
[Result "1/2-1/2"]
[WhiteElo "2317"]
[BlackElo "2210"]
[PlyCount "60"]
[EventDate "2014.03.23"]

1. e4 c5 2. Nf3 d6 3. c3 Nf6 4. Qc2 Nc6 5. d4 Nd7 6. Nbd2 g6 7. Nc4 Bg7 8. d5
Nce5 9. Nfxe5 Nxe5 10. Nxe5 Bxe5 11. Bh6 Bd7 12. a4 Qa5 13. Qb3 O-O-O 14. Bd2
f5 15. Bd3 f4 16. Qc4 Kb8 17. b4 cxb4 18. cxb4 Qc7 19. Qxc7+ Kxc7 20. Rc1+ Kb8
21. b5 Rc8 22. Ke2 Bg4+ 23. f3 Bd7 24. Rxc8+ Rxc8 25. Rc1 Rxc1 26. Bxc1 Kc7 27.
Bd2 g5 28. a5 h6 29. Kd1 h5 30. h3 h4 1/2-1/2

[Event "Kup SS CS 2014"]
[Site "?"]
[Date "2014.05.04"]
[Round "8.8"]
[White "Stefanovic, Vladimir"]
[Black "Mitrovic, Marjan"]
[Result "1-0"]
[WhiteElo "2201"]
[BlackElo "2111"]
[PlyCount "95"]
[EventDate "2014.03.23"]

1. c4 Nf6 2. g3 c6 3. Bg2 d5 4. Qc2 e5 5. d3 Bb4+ 6. Bd2 Bxd2+ 7. Nxd2 O-O 8.
Ngf3 Qe7 9. e3 Na6 10. a3 Bf5 11. Nh4 Bg4 12. h3 Bd7 13. O-O Rfe8 14. e4 dxe4
15. dxe4 g6 16. b4 c5 17. b5 Nc7 18. Qb2 Nh5 19. Nhf3 f6 20. Nb1 Be6 21. Qe2
Qf7 22. Nfd2 Rad8 23. Nc3 Qd7 24. Nb3 Qd3 25. Qxd3 Rxd3 26. Rfc1 b6 27. Bf1 Rd6
28. Nd5 Nxd5 29. cxd5 Bc8 30. Nd2 f5 31. Bg2 Nf6 32. f3 Nh5 33. Nc4 Rdd8 34.
Kh2 f4 35. g4 Ng3 36. Rc2 h5 37. a4 hxg4 38. hxg4 Re7 39. a5 bxa5 40. Rxa5 Rde8
41. Kg1 Rd7 42. Kf2 Ree7 43. b6 axb6 44. Nxb6 Rd8 45. Rcxc5 Nxe4+ 46. fxe4 Bxg4
47. Nc4 f3 48. Bf1 1-0

[Event "Kup SS CS 2014"]
[Site "?"]
[Date "2014.05.04"]
[Round "8.8"]
[White "Djoric, Hadzi Goran"]
[Black "Milosevic, Aleksandar"]
[Result "1/2-1/2"]
[WhiteElo "2151"]
[BlackElo "2308"]
[PlyCount "52"]
[EventDate "2014.03.23"]

1. e4 c5 2. Nf3 e6 3. d4 cxd4 4. Nxd4 a6 5. c4 Nf6 6. Nc3 Bb4 7. Qc2 Nc6 8.
Nxc6 dxc6 9. Bd3 e5 10. O-O Nd7 11. a3 Bc5 12. Ne2 Nf8 13. b4 Bb6 14. Bb2 Qg5
15. c5 Bc7 16. Qc1 Qxc1 17. Raxc1 Ne6 18. Bc4 Ke7 19. g3 g5 20. Kg2 Bd7 21.
Rcd1 Rad8 22. f3 h5 23. h3 h4 24. g4 Bc8 25. Kf2 f6 26. Bc1 Rhe8 1/2-1/2

[Event "Kup SS CS 2014"]
[Site "?"]
[Date "2014.05.04"]
[Round "8.8"]
[White "Ivic, Matija"]
[Black "Mitrovic, Mikica"]
[Result "1/2-1/2"]
[WhiteElo "1930"]
[BlackElo "1993"]
[PlyCount "115"]
[EventDate "2014.03.23"]

1. d4 d6 2. Nf3 Nf6 3. g3 g6 4. Bg2 Bg7 5. O-O O-O 6. c4 c6 7. Nc3 Nbd7 8. e4
Qc7 9. b3 a5 10. Bb2 e5 11. h3 Re8 12. Re1 Nf8 13. Qd2 Bd7 14. Rad1 Rad8 15. d5
c5 16. Rf1 h6 17. Ne1 Nh5 18. Qe2 Nh7 19. Kh2 Bc8 20. Nd3 Qe7 21. Rde1 Bf6 22.
Bc1 Bg5 23. Be3 Rf8 24. f4 exf4 25. gxf4 Bh4 26. Bf2 Ng7 27. e5 Nf5 28. Ne4 b6
29. Qd2 Bxf2 30. Qxf2 Rfe8 31. exd6 Qf8 32. Ne5 Nxd6 33. Ng3 Nf5 34. Be4 Nd6
35. Bb1 Nf6 36. Rg1 Qg7 37. a3 Kh8 38. b4 axb4 39. axb4 Nd7 40. Nh5 Qf8 41.
Nxd7 Bxd7 42. Qb2+ f6 43. Nxf6 Rxe1 44. Ne4+ Kg8 45. Nf6+ Kh8 46. Nh5+ Kh7 47.
Bxg6+ Kg8 48. Bh7+ Kxh7 49. Rg7+ Kh8 50. Rxd7+ Kg8 51. Nf6+ Qxf6 52. Qxf6 Rxd7
53. Qg6+ Kh8 54. Qxh6+ Kg8 55. bxc5 bxc5 56. Qg6+ Kh8 57. Qh6+ Kg8 58. Qg6+
1/2-1/2

[Event "Kup SS CS 2014"]
[Site "?"]
[Date "2014.05.04"]
[Round "8.9"]
[White "Cicvaric, Dragos"]
[Black "Cukanovic, Petar"]
[Result "1-0"]
[WhiteElo "2153"]
[BlackElo "2057"]
[PlyCount "123"]
[EventDate "2014.03.23"]

1. c4 c6 2. d4 d5 3. cxd5 cxd5 4. Nf3 Nf6 5. Nc3 Nc6 6. Bg5 Ne4 7. Bf4 Nxc3 8.
bxc3 Bf5 9. Qb3 Qd7 10. e3 a6 11. Be2 e6 12. Nh4 Bg6 13. Nxg6 hxg6 14. Qb6 Rc8
15. Rb1 Nd8 16. Rc1 Qc6 17. Qxc6+ Nxc6 18. a4 Na5 19. O-O Ba3 20. Rc2 O-O 21.
f3 Rc6 22. Ra1 Be7 23. Bg3 Rfc8 24. Be1 Rb6 25. e4 Nc4 26. exd5 exd5 27. f4 f5
28. Bf3 Rd8 29. Re2 Bf6 30. g4 g5 31. fxg5 fxg4 32. Bxg4 Bxg5 33. Bg3 Rb3 34.
Be1 Be3+ 35. Kh1 g5 36. Rd1 Ra3 37. Rd3 Bf4 38. Re7 Kf8 39. Re2 Re8 40. Be6 Kg7
41. h4 Rxa4 42. hxg5 Bxg5 43. Rg3 Kf6 44. Rf3+ Kg7 45. Rf7+ Kg6 46. Rxb7 Kf6
47. Rf7+ Kg6 48. Rf3 Nd6 49. Bf7+ Nxf7 50. Rxe8 Ra1 51. Kg2 Nh6 52. Re6+ Kh5
53. Re5 Ra2+ 54. Rf2 Rxf2+ 55. Bxf2 Kg4 56. Rxd5 Nf5 57. Ra5 Bd2 58. Rc5 Kf4
59. Kf1 Nd6 60. Ke2 Ne4 61. Re5 Nxf2 62. Kxd2 1-0

[Event "Kup SS CS 2014"]
[Site "?"]
[Date "2014.05.04"]
[Round "8.9"]
[White "Gajic, Sladjan"]
[Black "Minic, Miroslav"]
[Result "0-1"]
[WhiteElo "2066"]
[BlackElo "2059"]
[PlyCount "94"]
[EventDate "2014.03.23"]

1. c4 d6 2. Nc3 f5 3. d4 Nf6 4. Nf3 g6 5. b3 Bg7 6. Bb2 O-O 7. g3 Nc6 8. d5 Ne5
9. Nd4 c5 10. dxc6 Nxc6 11. e3 a6 12. Bg2 Qc7 13. O-O Bd7 14. Rc1 Rac8 15. Nd5
Qd8 16. Nf4 Nxd4 17. exd4 Qc7 18. Re1 Rfe8 19. d5 Qa5 20. Rc2 b5 21. Rce2 bxc4
22. bxc4 Kf7 23. Qd3 Qb4 24. Rc1 a5 25. h4 a4 26. Ba3 Qa5 27. Ne6 Bxe6 28. Rxe6
Nd7 29. Re2 Ne5 30. Rxe5 Bxe5 31. h5 Qb6 32. Kf1 Qd4 33. Qe2 Qg4 34. Qxg4 fxg4
35. Be4 gxh5 36. Bxh7 Kg7 37. Bf5 Rb8 38. Bd7 Rf8 39. Re1 Rf3 40. Rxe5 dxe5 41.
Bxe7 Rb7 42. Bc6 Rxe7 43. d6 Ref7 44. Bxf3 gxf3 45. c5 Kf6 46. c6 Ke6 47. d7
Ke7 0-1

[Event "Kup SS CS 2014"]
[Site "?"]
[Date "2014.05.04"]
[Round "8.10"]
[White "Trailovic, Mile"]
[Black "Savic, Miodrag"]
[Result "1/2-1/2"]
[WhiteElo "2142"]
[BlackElo "2213"]
[PlyCount "32"]
[EventDate "2014.03.23"]

1. e4 e5 2. Nc3 Nf6 3. d3 d5 4. Qe2 dxe4 5. Nxe4 Be7 6. Bd2 O-O 7. Nf3 Nc6 8.
c3 b6 9. Ng3 Re8 10. h3 Bf8 11. Bg5 h6 12. Bxf6 Qxf6 13. Ne4 Qe6 14. g4 Ba6 15.
Nh4 Rad8 16. Qf3 Ne7 1/2-1/2

[Event "Kup SS CS 2014"]
[Site "?"]
[Date "2014.05.04"]
[Round "8.10"]
[White "Savic, Ivan"]
[Black "Floricelovic, Milos"]
[Result "1/2-1/2"]
[WhiteElo "2048"]
[BlackElo "2041"]
[PlyCount "32"]
[EventDate "2014.03.23"]

1. e4 c5 2. Nc3 Nc6 3. g3 g6 4. Bg2 Bg7 5. d3 d6 6. Nge2 e6 7. O-O Nge7 8. Be3
Nd4 9. Qd2 O-O 10. f4 Nec6 11. Rf2 Bd7 12. Nd1 Rb8 13. Nc1 Nb5 14. a4 Nc7 15.
Ne2 Nd4 16. Ra3 Qe7 1/2-1/2

[Event "Kup SS CS 2014"]
[Site "?"]
[Date "2014.05.04"]
[Round "8.10"]
[White "Stanojevic, Dragoljub"]
[Black "Vucetic, Mirko"]
[Result "1-0"]
[WhiteElo "1948"]
[BlackElo "2021"]
[PlyCount "75"]
[EventDate "2014.03.23"]

1. c4 Nf6 2. Nc3 e6 3. e4 c5 4. g3 Nc6 5. Bg2 d6 6. Nge2 e5 7. O-O Be7 8. h3
Be6 9. d3 Qd7 10. Kh2 Nd4 11. Nxd4 cxd4 12. Ne2 O-O 13. f4 Qc6 14. f5 Bd7 15.
g4 Ne8 16. g5 f6 17. h4 g6 18. Ng3 fxg5 19. hxg5 Qc8 20. Qf3 Bd8 21. Bd2 Ng7
22. Bh3 Ne6 23. Qg4 Nc5 24. Rf3 Rf7 25. Raf1 Be7 26. Qh4 gxf5 27. Bxf5 Ne6 28.
Nh5 Qd8 29. Qg4 Nf8 30. Nf6+ Bxf6 31. gxf6+ Kh8 32. Bg5 Bxf5 33. Qxf5 Qd7 34.
Qxd7 Nxd7 35. Bh6 Nc5 36. Bg7+ Kg8 37. Rg1 Ne6 38. Rfg3 1-0

[Event "Kup SS CS 2014"]
[Site "?"]
[Date "2014.05.04"]
[Round "8.10"]
[White "Vasic, Zarko"]
[Black "Zivkovic, Nikola S"]
[Result "1-0"]
[WhiteElo "2006"]
[BlackElo "1632"]
[PlyCount "71"]
[EventDate "2014.03.23"]

1. e4 Nf6 2. Nc3 d6 3. d4 Nc6 4. Nf3 Bg4 5. Bb5 Bd7 6. O-O g6 7. h3 Bg7 8. e5
Ng8 9. Re1 a6 10. Bxc6 bxc6 11. Ne4 f5 12. Neg5 e6 13. exd6 cxd6 14. Nxe6 Bxe6
15. Rxe6+ Kf8 16. Bg5 Qd7 17. Qe2 Re8 18. Rxe8+ Qxe8 19. Qxa6 Nf6 20. Re1 Qd7
21. Bf4 h6 22. Qa3 Ne4 23. Ne5 Bxe5 24. Bxe5 Rh7 25. f3 Kf7 26. Bh2 Nf6 27.
Bxd6 Qd8 28. c3 Nd5 29. Qc5 Qc8 30. c4 Nf6 31. Re7+ Kg8 32. Rxh7 Kxh7 33. Be5
Qe6 34. Qf8 Qxc4 35. Qxf6 Qg8 36. Qe7+ 1-0